Biblioteca

El Mundo religioso latinoamericano (Registro nro. 64779)

Detalles MARC
000 -LÍDER
Campo fijo de descripción fija 01324cam a22003255i 4500
001 - NÚMERO DE CONTROL
Campo de control 768714001
003 - IDENTIFICADOR DEL NÚMERO DE CONTROL
Campo de control CO-MdFUSB
005 - FECHA Y HORA DE LA ULTIMA TRANSACCIÓN
control field 20240925081155.0
008 - ELEMENTOS DE LONGITUD FIJA -- INFORMACIÓN GENERAL
Campo fijo de descripción fija -- Información general 180417s2017 txu 000 0 spa
010 ## - NÚMERO DE CONTROL DE LA BIBLIOTECA DEL CONGRESO
Número de control LC 2017449845
020 ## - NÚMERO INTERNACIONAL NORMALIZADO PARA LIBROS
Número Internacional Normalizado del libro 9780311150526
040 ## - FUENTE DE CATALOGACIÓN
Agencia de catalogación original DLC
Idioma de catalogación spa
Convenciones de la descripción rda
Agencia que realiza la transcripción CO-MdFUSB
Agencia que realiza la modificación CO-MdFUSBC
041 ## - CÓDIGO DE IDIOMA
Código de idioma para texto/pista de sonido o título separado spa
042 ## - AUTHENTICATION CODE
Authentication code pcc
082 ## - NÚMERO DE CLASIFICACIÓN DECIMAL DEWEY
Número de la edición del Dewey 23
Número de clasificación 261.2098
Clave de autor-Numero de item D324m
100 1# - ASIENTO PRINCIPAL--NOMBRE PERSONAL
Nombre personal Deiros, Pablo Alberto,
Fechas asociadas con el nombre 1945-
Término relacionador autor
245 03 - TÍTULO
Título del Material El Mundo religioso latinoamericano
Mención de responsabilidad, etc. / Pablo A. Deiros.
250 ## - MENCIÓN DE EDICIÓN
Mención de edición Primera edicion.
264 #1 - PRODUCCIÓN, PUBLICACIÓN, DISTRIBUCIÓN, MANUFACTURA, Y COPYRIGHT
Lugar de producción, publicación, distribución, manufactura El Paso, Texas :
Nombre del productor, publicador, distribuidor Mundo Hispano,
Fecha de producción, publicación, distribución, manufactura, o copyright [2017]
264 #4 - PRODUCCIÓN, PUBLICACIÓN, DISTRIBUCIÓN, MANUFACTURA, Y COPYRIGHT
Fecha de producción, publicación, distribución, manufactura, o copyright ©2017
300 ## - DESCRIPCIÓN FÍSICA
Extensión 544 páginas ;
Dimensiones 25 cm.
336 ## - TIPO DE CONTENIDO
Término de tipo de contenido texto
Código de tipo de contenido txt
Fuente rdacontent
337 ## - TIPO DE MEDIO
Nombre del tipo de medio sin mediación
Código del tipo de medio n
Fuente rdamedia
338 ## - TIPO DE SOPORTE
Nombre del tipo de soporte volumen
Código Tipo de soporte nc
Fuente rdacarrier
505 ## - NOTA DE CONTENIDO
Información miscelánea Unidad Uno:
Título Los antiguos sistemas religiosos:
Nota de contenido con formato preestablecido Religión y religiosidad. -- América indígena. -- Área Mesoamericana. -- Área caribeña. -- Área Andina. -- Culturas de la cordillera y del Área Sudatlántica. -- La religión de los pueblos etnográficos. --
Información miscelánea Unidad dos:
Título La religión de las masas:
Nota de contenido con formato preestablecido Religiosidad popular. -- Catolicismo popular. -- Protestantismo popular. -- El mundo sobrenatural Latinoamericano.
563 ## - NOTA DE ENCUADERNACIÓN
Nota de encuadernación Pasta dura.
650 #0 - ASIENTO SECUNDARIO DE MATERIA - TERMINO TEMÁTICO
Término temático o nombre geográfico como elemento de entrada Religión
Subdivisión geográfica América Latina
9 (RLIN) 691
942 ## - TIPO DE MATERIAL (KOHA)
Tipo de Item KOHA Libros General
945 ## - INFORMACIÓN LOCAL DEL REGISTRO
Catalogador JTF-925
Existencias
Estado de Material Estado de Perdido Forma de Clasificación Estado de Dañado No para Préstamo Colección Biblioteca de Origen Biblioteca Permanente Fecha de Adquisición Total de Préstamos Signatura Topográfica Código de Barras Última vez visto Última vez Préstado Ejemplar/Existencia Fecha de Remplazo Tipo de Material
    Dewey Decimal Classification     Colección General Biblioteca FUSBC Biblioteca FUSBC 30/01/2019 3 G 261.2098 D324m 12408 08/11/2023 07/11/2023 Ej. 1 30/01/2019 Libros General

Biblioteca FUSBC | Teléfono: (57+4) 349 88 10 Ext. 141| WhatsApp (+57) 3005338115 
E-mail: biblioteca@unisbc.edu.co | Calle 76 87-14 Robledo Palenque, Medellín, Colombia

Con tecnología Koha